000 00772nam a22002297a 4500
005 20170124105936.0
010 _aA-294613
020 _c00.00
_a8170620104
035 _aA-294613
037 _bCen Lib/Ret
040 _aDPL
_bEN
082 _a355.0954
_bCHI
100 _aChibber, M.L.
_99767
245 _aSoldiers role in national integration :
_cby M.L. Chibber
_bwith special reference to Jammu & Kashmir /
260 _aNew Delhi
_bLancer International
_c1986
270 _aPost Box 3802
_bNew Delhi
_e110049
300 _a238p. :
_c21cm(Hb)_
_bill.
500 _aIncludes bibliographical references and index.
650 _aSocial history
_97270
650 _aSocial integration--Political aspects
_99768
942 _2ddc
_cEN
_h355.0954
_mCHI
999 _c124200
_d124200